| 000 | 00437nam a22001937a 4500 | ||
|---|---|---|---|
| 003 | CEME | ||
| 005 | 20210628203547.0 | ||
| 008 | 210126b xxu||||| |||| 00| 0 eng d | ||
| 020 | _a0-540-08311-9 | ||
| 040 | _c. | ||
| 082 | _a912 ATL | ||
| 100 |
_aAtlas _966254 |
||
| 245 | _aJunior school atlas | ||
| 250 | _a4TH | ||
| 260 |
_aNEW YORK _bROYAL BOOKS _c2003 |
||
| 300 | _a64P | ||
| 650 |
_aSCHOOL ATLAS _966255 |
||
| 942 |
_cBK _2ddc |
||
| 999 |
_c574241 _d574241 |
||